000 01182nam a2200217Ia 4500
999 _c41048
_d41048
001 7697
003 GE_BSU
005 20240122173735.0
008 181216s2013||||ge |||||||||||||| ||geo||
020 _a9789941221002
040 _cGE_BSU
041 _ageo
080 _a94(479.223) ქ–16
100 _aქათამაძე, ციური
_921087
245 _aსამხრეთ–დასავლეთ საქართველოს ურთიერთობა იერუსალიმის ქართულ კოლონიასთან (XVI-XVIIIსს.) /
_cციური ქათამაძე ; რედ. ბიჭიკო დიასამიძე.
264 _aთბილისი :
_bუნივერსალი,
_c2013.
300 _a209 გვ. :
_bილ.;
_c20 სმ.
653 _aსამხრეთ–დასავლეთ საქართველოს ურთიერთობა იერუსალიმის ქართულ კოლონიასთან (XVI-XVIIIსს)
700 _aდიასამიძე, ბიჭიკო
_eრედაქტორი
_921088
942 _cBK
_2udc